00611nam a2200205Ia 450000500170000000800410001702000180005808200240007610000360010024500590013625000180019526000330021330000180024633600100026433700140027433800120028850000490030050400280034965000280037720231102150713.0120622s2009 mx r 000 0 spa d a9786071703286 4a346.972bG643e 20091 aGonzález, Juan Antonioeautor10aElementos de derecho civilc / Juan Antonio González a8a. edición 3aMéxicob : Trillasc, 2009 a208 páginas atexto asin medio avolumen aIncluye: índice analítico (pp. 201-208) abibliografía (p. 200)14aDERECHO CIVILzMÉXICO